| 000 | 00000nam 2200000za 4500 |
| 001 | 9.822501 |
| 003 | CaOODSP |
| 005 | 20221107143707 |
| 007 | cr ||||||||||| |
| 008 | 160812s2010 qucabo ob f000 0 eng d |
| 020 | |z978-1-100-13163-4|z978-1-100-92094-8 |
| 040 | |aCaOODSP|beng |
| 043 | |an-cn--- |
| 086 | 1 |aR64-105/15-2010E-PDF|zR64-105/15-2010E|zR64-105/15-2010F |
| 110 | 2 |aParks Canada. |
| 245 | 10|aForillon National Park of Canada |h[electronic resource] : |bmanagement plan. |
| 260 | |a[Gatineau, QC] : |bParks Canada, |cc2010. |
| 300 | |axi, 129 p. : |bill. (some col.), maps (some col.) |
| 500 | |aIssued also in French under title: Parc national du Canada Forillon : plan directeur. |
| 500 | |a"June 2010.” |
| 504 | |aIncludes bibliographical references (p. 101-103). |
| 530 | |aIssued also in printed form. |
| 692 | 07|2gccst|aNational parks |
| 692 | 07|2gccst|aManagement |
| 692 | 07|2gccst|aPlanning |
| 775 | 08|tParc national du Canada Forillon |w(CaOODSP)9.822505 |
| 794 | |tForillon National Park of Canada management plan.|w(CaOODSP)9.906872 |
| 856 | 40|qPDF|s4.40 MB|uhttps://publications.gc.ca/collections/collection_2016/pc/R64-105-15-2010-eng.pdf |